| 000 | 01034nam a2200313 a 4500 | ||
|---|---|---|---|
| 001 | 000110196 | ||
| 003 | CHAP | ||
| 005 | 20220329144122.0 | ||
| 008 | 140731s2010 mx bd |r| |||0|||spa d | ||
| 010 | _a106658 | ||
| 011 | _a107630 | ||
| 020 | _a9789213260364 | ||
| 040 | _cCHAP | ||
| 082 | 0 | 4 |
_a305.40972 _bM95 |
| 245 | 0 | 4 |
_aLas mujeres y el presupuesto público en México / _ccoordinado por Rodolfo de la Torre García. |
| 260 |
_aMéxico : _bPrograma de las Naiones Unidas para el Desarrollo, _c2010. |
||
| 300 |
_a93 p. : _bmaps., gráfs. |
||
| 504 | _aIncluye bibliografía | ||
| 590 |
_aBATCH-UPD _b05 _c20140731 _lUCH01 _h1211 |
||
| 590 |
_aE5652GLJ _b05 _c20140731 _lUCH01 _h1210 |
||
| 650 | 1 | 4 |
_aBienestar social _zMéxico. _912636 |
| 650 | 1 | 4 |
_aCostos y nivel de vida _zMéxico. _928549 |
| 650 | 1 | 4 |
_aMujeres _xCondiciones sociales _zMéxico. _9127634 |
| 650 | 1 | 4 |
_aProgramas de desarrollo _zMéxico. _9127440 |
| 700 | 1 |
_aTorre García, Rodolfo de la _ecoord. _9114000 |
|
| 901 | _aBK | ||
| 942 | _cLIBRO | ||
| 942 | _n0 | ||
| 999 |
_c106658 _d106658 |
||